| 000 | 00741nam a2200205 a 4500 | ||
|---|---|---|---|
| 005 | 20210219160111.0 | ||
| 008 | 080801s1980 mx r 000 0 spa d | ||
| 020 | _a9688220108 | ||
| 035 | _aUPN01000158655 | ||
| 049 | _aUNE | ||
| 080 | _aConsultoría Jurídica. | ||
| 245 | 0 | 0 |
_aPensamiento antropológico e indigenista de Julio de la Fuente / _cGonzalo Aguirre Beltrán ... (et al.). |
| 260 |
_aMéxico : _bInstituto Nacional Indigenista, _c1980. |
||
| 300 |
_a266 p. : _bretrs., fot. |
||
| 690 | _aAntropologia cultural y social - México | ||
| 690 | _aMéxico - Antropologia cultural y social | ||
| 700 | 1 |
_aAguirre Beltrán, Gonzalo, _d1908-1996 _ecoaut. |
|
| 711 | 2 |
_aInstituto Nacional Indigenista. _c(México) |
|
| 905 | _aUNESCO | ||
| 999 |
_c130769 _d130769 |
||